000
00193 a2200097 4500
020
_a
9789707753150
041
_a
spa
100
_a
Pare, Roger
245
_a
Los l̀“aceres de la musica
942
_c
BK
999
_c
4543
_d
4543